000
00334 a2200157 4500
001
73113
020
_a
8576663414
040
_c
Anchieta - Colégio São Paulo
100
_a
Marino, Denise Mattos
240
1
0
_a
História
_l
por
245
1
0
_a
História
300
_a
152
362
0
_a
0
650
4
_a
História do mundo
942
_c
BK
999
_c
73113
_d
73113